00373pab a2200121 454500008004000000100001900040245011500059260000900174300001500183362000800198650001600206773002900222180718b2011 xxu||||| |||| 00| 0 eng d aDesipio, Louis aA return to a national origin preference? Mexican immigration and the principles guiding US immigration policy c2011 ap.567-569. aSep aImmigration aPerspectives on Politics